| 000 | 01554nam0a2200313 4500 | ||
|---|---|---|---|
| 001 | RU\NLR\bibl\1480821 | ||
| 005 | 20260405130312.0 | ||
| 010 |
_a978-5-8021-0981-6 _9300 |
||
| 021 |
_aRU _b2009-108651 _96924 |
||
| 035 | _a(NLR Aleph) 001472471 | ||
| 090 |
_a1652334 _c1652334 |
||
| 100 | _a20100114d2009 |||y0rusy50 ca | ||
| 101 | 0 | _arus | |
| 102 | _aRU | ||
| 105 | _ac ||||||||| | ||
| 200 | 1 |
_aИстория отечественной периодики XVIII века _eучебное пособие _fН.А. Тарасова _gФедер. агентство по образованию, Гос. образоват. учреждение высш. проф. образования Петрозав. гос. ун-т |
|
| 210 |
_aПетрозаводск _cИзд-во ПетрГУ _d2009 |
||
| 215 |
_a179 с. _cфакс. _d21 |
||
| 320 | _aБиблиогр.: с. 178-179 и в подстроч. примеч. | ||
| 606 | 1 |
_aПериодическая печать _jУчебные издания для высших учебных заведений _xИстория _yРоссия _z18 в. _92255784 _3RU\NLR\auth\661352832 |
|
| 686 |
_aЧ612.3(2)46я73-1 _2rubbk |
||
| 686 | _aЧ612.3(2)46я73 | ||
| 700 | 1 |
_4070 _8rus _7ca _aТарасова _bН. А. _cд-р филол. наук, литературовед _f1974- _gНаталья Александровна _3RU\NLR\auth\7751441 _934375 |
|
| 801 | 0 |
_aRU _bRuMoRGB _c20100114 _grcr |
|
| 801 | 1 |
_aRU _bRuMoRGB _c20100114 |
|
| 801 | 2 |
_aRU _bNLR _c20100304 _grcr |
|
| 942 | _cBOOK | ||
| 980 | _aNB | ||